Old/New Capitals - Statistics

General Stats
  • This quiz has been taken 46 times
  • The average score is 15 of 25
Answer Stats
Former capital Years New Capital % Correct
1) Bonn 1990 Berlin
98%
2) St Petersburg 1918 Moscow
98%
25) Rio De Janeiro 1960 Brasilia
95%
8) Lagos 1991 Abuja
93%
13) Tel Aviv 1948 Jerusalem
93%
21) Istanbul 1923 Ankara
88%
3) Fez 1912 Rabat
85%
17) Uppsala 1436 Stockholm
83%
10) Almaty 1998 Astana
80%
22) Belize City 1970 Belmopan
66%
11) Yangon 2005 Naypyidaw
66%
12) Colombo 1982 Sri Jayawardenepura Kotte
66%
4) Dar Es Salaam 1996 Dodoma
63%
9) Kandahar 1772 Kabul
61%
16) Roskilde 1443 Copenhagen
56%
20) Iași 1918 Bucharest
51%
7) Abidjan 1983 Yamoussoukro
51%
18) Durres 1920 Tirana
49%
5) Bujumbura 2018 Gitega
41%
6) Livingstone 1935 Lusaka
32%
24) Koror 2006 Ngerulmud
24%
15) Ganja 1918 Baku
22%
14) Salalah 1970 Muscat
22%
19) Nafplio 1836 Athens
12%
23) Kolonia 1989 Palikir
10%
No matching quizzes found
Score Distribution
Percent of People with Each Score
Percentile by Number Answered
Your Score History
You have not taken this quiz